LEADER 00663nab a2200169 i 4500 001 000000334619 003 CaOOAMICUS 005 20190704132239.0 008 190704s2018 it qr u0 0ita r 013 $a48774 040 $aSeMil$bita 245 10$aCatechesi tra preadolescenza e adolescenza ; Esperienze : dall'iniziazione sacramentale al cammino di fede. 300 $a96 p. 500 $aAGOSTO-SETTEMBRE 2018 773 0 $t[2018].$dLeumann (Torino) : Elledici, 2018.$w()259244 996 $6245$aCatechesi tra preadolescenza e adolescenza ; Esperienze : dall'iniziazione sacramentale al cammino di fede$9(OLS)http://semarc/title/424283 LEADER 00799nam a2200193 i 4500 001 000000019643 003 CaOOAMICUS 005 20180830125444.0 008 180830s1980 it u000 u ita u 040 $aSeMil$bita 245 10$aMarxismo e anarchismo /$ca cura di Alfredo Salsano. 260 $aRoma ; Bari :$bLaterza,$c1980. 300 $a2 v. (669 p. compless.) ;$c18 cm. 700 1 $aSalsano, Alfredo,$d<1939-2004>.$0(OLS)http://semarc/name/8753 773 0 $tAntologia del pensiero socialista.$dRoma ; Bari : Laterza, 1979-1983.$kUniversale Laterza$w()19636 774 0 $t1.$kUniversale Laterza$g1$w()70008 774 0 $t1.$kUniversale Laterza$g2$w()172352 996 $6245$aMarxismo e anarchismo$9(OLS)http://semarc/title/25848 996 $6260$aRoma ; Bari :$bLaterza$9(OLS)http://semarc/publisher/30305